The way we were California : (Record no. 477)

MARC details
000 -LEADER
fixed length control field 01198cam a2200301 a 4500
005 - DATE AND TIME OF LATEST TRANSACTION
control field 20260322212021.0
008 - FIXED-LENGTH DATA ELEMENTS--GENERAL INFORMATION
fixed length control field data
010 ## - LIBRARY OF CONGRESS CONTROL NUMBER
LC control number 2009026060
020 ## - INTERNATIONAL STANDARD BOOK NUMBER
International Standard Book Number 9780762754526 (hbk.)
020 ## - INTERNATIONAL STANDARD BOOK NUMBER
International Standard Book Number 0762754524
040 ## - CATALOGING SOURCE
Original cataloging agency DLC
Transcribing agency DLC
Modifying agency DLC
043 ## - GEOGRAPHIC AREA CODE
Geographic area code n-us-ca
050 00 - LIBRARY OF CONGRESS CALL NUMBER
Classification number F862
Item number .H69 2010
082 00 - DEWEY DECIMAL CLASSIFICATION NUMBER
Classification number 979.4/053
Edition information 22
092 ## - LOCALLY ASSIGNED DEWEY CALL NUMBER (OCLC)
Classification number 979.4 H69 2010
001 - CONTROL NUMBER
control field data
100 1# - MAIN ENTRY--PERSONAL NAME
Personal name Howard, M. J.
Fuller form of name (Martin J.)
245 14 - TITLE STATEMENT
Title The way we were California :
Remainder of title nostalgic images of the Golden State /
Statement of responsibility, etc. M. J. Howard & Laurie Mayer.
260 ## - PUBLICATION, DISTRIBUTION, ETC.
Place of publication, distribution, etc. Guilford, CT :
Name of publisher, distributor, etc. Globe Pequot Press,
Date of publication, distribution, etc. c2010.
300 ## - PHYSICAL DESCRIPTION
Extent 128 p. :
Other physical details ill. (some col.) ;
Dimensions 19 cm.
500 ## - GENERAL NOTE
General note Includes index.
651 #0 - SUBJECT ADDED ENTRY--GEOGRAPHIC NAME
Geographic name California
General subdivision History
Form subdivision Pictorial works.
651 #0 - SUBJECT ADDED ENTRY--GEOGRAPHIC NAME
Geographic name California
General subdivision Social life and customs
Form subdivision Pictorial works.
700 1# - ADDED ENTRY--PERSONAL NAME
Personal name Mayer, Laurie
Fuller form of name (Laurie Suzanne)
906 ## - LOCAL DATA ELEMENT F, LDF (RLIN)
a 7
b cbc
c orignew
d 1
e ecip
f 20
g y-gencatlg
925 0# -
-- acquire
-- 2 shelf copies
-- policy default
-- claim1 2010-04-13
955 ## - COPY-LEVEL INFORMATION (RLIN)
-- rf04 2009-06-30 to SL
-- rf09 2009-06-30 to Dewey
-- rd08 2009-07-01
-- rc10 2010-09-15 c. 1 to BCCD
Holdings
Withdrawn status Lost status Damaged status Not for loan Home library Current library Shelving location Date acquired Total checkouts Full call number Barcode Date last seen Price effective from Koha item type
        Centerville Centerville General stacks 22/03/2026   979.4/053 22 BC0010488 22/03/2026 22/03/2026 Books